Разработка интерактивной моделирующей системы технологии низкотемпературной сепарации газа; Современные техника и технологии; Т. 2
| Parent link: | Современные техника и технологии: сборник трудов XX международной научно-практической конференции студентов, аспирантов и молодых ученых, Томск, 14-18 апреля 2014 г./ Национальный исследовательский Томский политехнический университет (ТПУ).— , 2014 Т. 2.— 2014.— [С. 231-232] |
|---|---|
| Tác giả chính: | |
| Tác giả của công ty: | |
| Tác giả khác: | , |
| Tóm tắt: | Заглавие с титульного экрана |
| Ngôn ngữ: | Tiếng Nga |
| Được phát hành: |
2014
|
| Loạt: | Информатика и управление в технических системах |
| Những chủ đề: | |
| Truy cập trực tuyến: | http://earchive.tpu.ru/handle/11683/20815 http://www.lib.tpu.ru/fulltext/c/2014/C01/V2/113.pdf |
| Định dạng: | Điện tử Chương của sách |
| KOHA link: | https://koha.lib.tpu.ru/cgi-bin/koha/opac-detail.pl?biblionumber=606905 |
MARC
| LEADER | 00000naa2a2200000 4500 | ||
|---|---|---|---|
| 001 | 606905 | ||
| 005 | 20260306133844.0 | ||
| 035 | |a (RuTPU)RU\TPU\conf\4284 | ||
| 035 | |a RU\TPU\conf\4281 | ||
| 090 | |a 606905 | ||
| 100 | |a 20140619d2014 k y0rusy50 ca | ||
| 101 | 0 | |a rus | |
| 102 | |a RU | ||
| 135 | |a drcn ---uucaa | ||
| 181 | 0 | |a i | |
| 182 | 0 | |a b | |
| 200 | 1 | |a Разработка интерактивной моделирующей системы технологии низкотемпературной сепарации газа |f М. О. Писарев, И. М. Долганов, Е. Н. Ивашкина |g науч. рук. Е. Н. Ивашкина | |
| 203 | |a Текст |c электронный | ||
| 225 | 1 | |a Информатика и управление в технических системах | |
| 300 | |a Заглавие с титульного экрана | ||
| 320 | |a [Библиогр.: с. 232 (7 назв.)] | ||
| 337 | |a Adobe Reader | ||
| 461 | 1 | |0 (RuTPU)RU\TPU\conf\3687 |t Современные техника и технологии |o сборник трудов XX международной научно-практической конференции студентов, аспирантов и молодых ученых, Томск, 14-18 апреля 2014 г. |o в 3 т. |f Национальный исследовательский Томский политехнический университет (ТПУ) |d 2014 | |
| 463 | 1 | |0 (RuTPU)RU\TPU\conf\3689 |t Т. 2 |v [С. 231-232] |d 2014 | |
| 610 | 1 | |a труды учёных ТПУ | |
| 610 | 1 | |a электронный ресурс | |
| 610 | 1 | |a интерактивное моделирорвание | |
| 610 | 1 | |a информационные технологии | |
| 610 | 1 | |a углеводородное сырье | |
| 610 | 1 | |a физико-химические процессы | |
| 610 | 1 | |a сепараторы | |
| 700 | 1 | |a Писарев |b М. О. |c геолог |c директор проектно-конструкторского института Томского политехнического университета |f 1982- |g Михаил Олегович |3 (RuTPU)RU\TPU\pers\30633 | |
| 701 | 1 | |a Долганов |b И. М. |c химик-технолог |c доцент Томского политехнического университета, кандидат технических наук |f 1987- |g Игорь Михайлович |3 (RuTPU)RU\TPU\pers\25930 |9 11781 | |
| 701 | 1 | |a Ивашкина |b Е. Н. |c химик-технолог |c профессор Томского политехнического университета, доктор технических наук |f 1983- |g Елена Николаевна |3 (RuTPU)RU\TPU\pers\24965 |9 11119 | |
| 702 | 1 | |a Ивашкина |b Е. Н. |c химик-технолог |c доцент Томского политехнического университета, кандидат технических наук |f 1983- |g Елена Николаевна |4 727 | |
| 712 | 0 | 2 | |a Национальный исследовательский Томский политехнический университет (ТПУ) |b Институт природных ресурсов (ИПР) |b Кафедра химической технологии топлива и химической кибернетики (ХТТ) |3 (RuTPU)RU\TPU\col\18665 |
| 801 | 2 | |a RU |b 63413507 |c 20210310 |g RCR | |
| 856 | 4 | |u http://earchive.tpu.ru/handle/11683/20815 | |
| 856 | 4 | |u http://www.lib.tpu.ru/fulltext/c/2014/C01/V2/113.pdf | |
| 942 | |c CF | ||